Statistiques concernant Pays par pays voisins (Facile) - Afrique

Cliquez ici pour prendre le quiz!

Statistiques générales

  • Ce quiz a été pris 134 fois
  • Le résultat moyen est 9 sur 11

Statistiques - réponses

HintRéponse% Correct
Togo / Burkina Faso / Niger / NigeriaBenin
88%
Soudan du Sud / Soudan / Erythrée / Djibouti / Somalie / KenyaEthiopie
88%
Sénégal / Mauritanie / Algérie / Niger / Burkina Faso / Cote d'Ivoire / GuinéeMali
87%
Cameroun / GabonGuinée équatoriale
85%
Niger / Libye / Soudan / République Centrafricaine / Cameroun / NigeriaTchad
83%
Namibie / Zambie / Mozambique / Afrique du Sud / BotswanaZimbabwe
83%
Angola / Zambie / Zimbabwe / Botswana / Afrique du SudNamibie
82%
République Démocratique du Congo / Rwanda / TanzanieBurundi
81%
Guinée Equatoriale / Cameroun / République du CongoGabon
79%
Zambie / Tanzanie / MozambiqueMalawi
78%
République Démocratique du Congo / Soudan du Sud / Kenya / Tanzanie / RwandaOuganda
77%

Distribution des résultats

Percentile par nombre de réponses

% des personnes avec chaque résultat

Votre développement - résultats

Vous n’avez pas pris ce quiz